| 000 | 00483nam a2200157Ia 4500 | ||
|---|---|---|---|
| 003 | IQ-KOUCL | ||
| 041 | _aArabic | ||
| 082 | _a810,801 cut-794 ح | ||
| 100 | _a20260118u\\\\\\\\\\\y0engy0103\\\\ba | ||
| 100 | _aابوالوليد محمد بن رشد الحفيد | ||
| 245 | 0 | _aابن رشد تهافت التهافت الجزء الاول | |
| 250 | _aط1 | ||
| 260 |
_bالفارس للنشر والتوزيع _aالقاهرة - مصر _c2018 |
||
| 300 | _a412 | ||
| 942 | _cBk | ||
| 999 |
_c187026 _d187026 |
||